Simondon 100 años : pensamiento transductivo /

Bibliographic Details
Other Authors: Novaes, Thiago (Editor)
Format: Electronic eBook
Language:Spanish
Published: Bogotá, Colombia : Editorial Aula de Humanidades, 2024.
Edition:Primera edición.
Series:Colección Ciencias sociales (Editorial Aula de Humanidades). Serie Individuación.
Subjects:
Online Access:Digitalia Hispánica

MARC

LEADER 00000nam a2200000Ii 4500
001 DIGAUHUM0063
003 NyNyDIG
006 m o d
007 cr |||||||||||
008 260205s2024 ck ob 001 0dspa d
035 |a (OCoLC)1573182231 
040 |a DGITA  |b eng  |e rda  |e pn  |c DGITA 
020 |a 9786287777095  |q (versión digital) 
020 |z 9786287777088  |q (versión impresa) 
050 1 4 |a B2430.S554 ebook 
245 0 0 |a Simondon 100 años :  |b pensamiento transductivo /  |c Thiago Novaes (ed.). 
246 3 |a Simondon cien años 
250 |a Primera edición. 
264 1 |a Bogotá, Colombia :  |b Editorial Aula de Humanidades,  |c 2024. 
300 |a 1 online resource. 
336 |a text  |b txt  |2 rdacontent 
337 |a computer  |b c  |2 rdamedia 
338 |a online resource  |b cr  |2 rdacarrier 
347 |a text file  |2 rdaft 
347 |b PDF 
490 1 |a Colección: Ciencias Sociales. Serie: Individuación 
504 |a Includes bibliographical references and index. 
588 0 |a Online resource; title from PDF title page (Digitalia, viewed February 5, 2026) 
600 1 0 |a Simondon, Gilbert. 
700 1 |a Novaes, Thiago,  |e editor. 
791 2 |a Digitalia (Firm),  |e distributor. 
793 0 |g Digitalia eBook Collection:  |a Editorial Aula de Humanidades 
776 0 8 |i Print version:  |t Simondon 100 años.  |b Primera edición.  |d Bogotá, Colombia : Editorial Aula de Humanidades, 2024  |z 9786287777088 
830 0 |a Colección Ciencias sociales (Editorial Aula de Humanidades).  |p Serie Individuación. 
856 4 0 |3 Digitalia Hispánica  |u https://www.digitaliapublishing.com/a/175609/ 
910 |a Premium collection: 2026